000 00377nam a2200145Ia 4500
008 221030s9999 xx 000 0 und d
041 _aEnglish
082 _a105.23
_bSin
100 _aB. P. Singh
245 0 _aDigital Electronics ( DEPARTMENTAL )
_cby B. P. Singh
260 _bDhanpat Rai Pub
_aNew Delhi
_c2002
300 _a1369
650 _aECE Departmental
942 _cBK
999 _c1468
_d1468